The Hollywood Life II Quiz Stats

 Plays Quiz Updated Jul 9, 2017

Support Sporcle.
Go Orange.
Score 0/16 Timer 05:00
0 Plays Today
% Correct
1956-2016
90.2%
1951-2014
86.8%
1973-2013
77.8%
1967-2014
76.2%
1970-1993
76.1%
1989-2016
68.9%
1949-1982
68.5%
1936-2017
67.5%
% Correct
1896-1996
61.2%
1899-1957
50.4%
1929-1982
48.6%
1954-1977
48%
1936-2009
44.6%
1932-2013
43.3%
1933-1967
41.1%
1907-1989
38.8%

You're not logged in!

Compare scores with friends on all Sporcle quizzes.
OR
Log In
Forgot?

From the Vault

Triumvirates of Rome

by MiSuChLl

Time for a toga party.
Remove Ads.
Support Sporcle.
Get the best of Sporcle when you Go Orange. This ad-free experience offers more features, more stats, and more fun while also helping to support Sporcle. Thank you for becoming a member.

Show Comments

Extras

Top Quizzes Today


Score Distribution

Your Account Isn't Verified!

In order to create a playlist on Sporcle, you need to verify the email address you used during registration. Go to your Sporcle Settings to finish the process.

Report this User

Report this user for behavior that violates our Community Guidelines.

Details: